000 00913nam a2200253Ia 4500
003 GCL
008 140319s9999 xx 000 0 ara d
040 _aGCL /
_cGCL
082 0 4 _a362.3
_bع ب
100 1 _aعلا عبدالباقى ابراهيم
245 1 0 _aبرنامج تدريبى للاطفال ذوى الاعاقة العقلية /
_cعلا عبدالباقى ابراهيم
260 _a[S.N] :
_b2000 للثقافة والنشر ،
_c1993
300 _a79 ص
490 _aسلسلة التوجيه والارشاد فى مجالات الاعاقة
_v0
650 0 4 _aالتربية
650 0 4 _aالاطفال
650 0 4 _aالخدمة الاجتماعية
650 0 4 _aالتخلف العقلى
650 0 4 _aالتدريب
650 0 4 _aضعاف العقول
650 0 4 _aالاطفال بطيئو التعلم
650 0 4 _aالاطفال المعوقون
942 _2ddc
_cBK
999 _c29333
_d29333